TOP 10 największych wysp świata - Statystyki

Ogólne statystyki
  • Ten quiz został rozwiązany 122 razy
    93 od ostatniego zresetowania
  • Średni wynik to 4 z 10
Statystyki odpowiedzi
Pozycja Kilometry kwadratowe Wyspa % Poprawnych
1. 2130 tyś. km2 Grenlandia
91%
4. 587 tyś. km2 Madagaskar
75%
7. 209 tyś. km2 Wielka Brytania
59%
6. 443 tyś. km2 Sumatra
34%
8. 228 tyś. km2 Honsiu
33%
2. 821 tyś. km2 Nowa Gwinea
29%
5. 500 tyś. km2 Ziemia Baffina
25%
9. 217 tyś. km2 Wyspa Wiktorii
6%
3. 748 tyś. km2 Kalimantan
4%
10. 196 tyś. km2 Ellesmere
1%
Nie znaleziono quizów pasujących do podanych kryteriów
Rozkład punktacji
Procent ludzi z każdym wynikiem
Percentyl według liczby udzielonych odpowiedzi
Twoja historia wyników
Nie rozwiązałeś tego quizu od ostatniego zresetowania